000 00580nam a2200169Ia 4500
008 230718s9999 xx 000 0 und d
020 _a9788126543397
041 _aeng
082 _a658.001
_bDEI
100 _aDeimler M. (Editor)
_9195453
245 _aOwn The Future
_b50 Ways To Win From The Boston Consulting Group
260 _c2013
_bWiley / Collins Business
300 _a374
365 _cRs.
_b699.00
700 _aDeimler M. (Editor); Lesser R. (Editor); Rhodes D. (Editor) & Sinha J. (Editor)
_9195454
906 _dO:0366521-Jan-2014B:442125-Oct-2013
_cGENRL
_b153.78
999 _c334851
_d334851